000 01274nam0a22002771 4500
001 rc\266093
005 20260407001603.0
035 _a(NLR Aleph) 008742810
090 _a9538900
_c9538900
100 _a20030307d1991 |||y0rusy50 ca
101 0 _arus
102 _aRU
105 _aa |||||||||
200 1 _aМарина Кокурина
_eЖивопись
_e[Каталог
_fСост. и авт. вступ. ст. А.А. Ковзун]
210 _aВладимир
_cУпрполиграфиздат Владим. облисполкома
_d1991
215 _a[23] с.
_cил., портр.
_d15х21
300 _aВ надзаг.: Упр. культуры Владим. облисполкома, Владим. орг. Союза художников РСФСР
600 1 _aКокурина
_bМ.В.
_f1960-1989
_gМарина Валерьевна
_xВыставки
_yВладимир
_z1991
_2nlr_sh1
702 1 _aКовзун
_bА.А.
_4220
710 1 0 _aКокурина,
_gМарина Валерьевна
_hВыставка произведений
_f1991
_eВладимир
_3RU\NLR\AUTH\889991971
_9479990
801 0 _aRU
_bNLR
_gpsbo
801 1 _aRU
_bELAR
_2rusmarc
801 2 _aRU
_bNLR
_c20050520
_2rusmarc
852 _aNLR
_bЭ
_jКП/К598
942 _cBOOK
980 _aNB